[Event "South Wales New Year Major"]
[Site "Bridgend"]
[Date "2020.01.03"]
[Round "1.1"]
[White "Di-Vetta, Andrew"]
[Black "Probert, Malcolm"]
[Result "1/2-1/2"]
[WhiteElo "1835"]
[BlackElo "1584"]
[PlyCount "186"]
[EventDate "2020.01.??"]
[EventType "swiss"]
[EventRounds "5"]
[EventCountry "WLS"]

1. c4 c5 2. Nc3 Nc6 3. g3 g6 4. Bg2 Bg7 5. e3 d6 6. Nge2 e5 7. Nd5 Nge7 8. Nec3
a6 9. Qb3 Rb8 10. Qb6 Qxb6 11. Nxb6 O-O 12. Ncd5 Nxd5 13. Nxd5 Be6 14. O-O Bxd5
15. Bxd5 Nb4 16. Bg2 Nd3 17. Be4 Nxc1 18. Raxc1 b5 19. cxb5 axb5 20. Rc3 Rfe8
21. Rd3 Kf8 22. Bd5 Ke7 23. e4 f5 24. Rf3 Rf8 25. Ra3 Rbd8 26. Bc6 b4 27. Ra7+
Kf6 28. f4 exf4 29. exf5 gxf5 30. Rxf4 Kg6 31. b3 Bd4+ 32. Kg2 Be5 33. Rc4 Rf7
34. Ra6 Bd4 35. Rc1 Re7 36. Kf3 h5 37. h3 Kg5 38. Rh1 Rf8 39. h4+ Kg6 40. Rh2
Be5 41. Re2 f4 42. g4 hxg4+ 43. Kxg4 Kh6 44. Bd5 Rg7+ 45. Kf3 Rg3+ 46. Ke4 Kh5
47. Ra7 Rh8 48. Rf7 Rg4 49. Rf5+ Kg6 50. h5+ Kg7 51. Rf7+ Kh6 52. Rf5 Rh7 53.
Bf7 Rhg7 54. Bg6 Re7 55. Kd5 Rg3 56. Kc6 Ra7 57. d3 Rg7 58. Rfxe5 R7xg6 59. Rf5
R6g5 60. Rxf4 Rxd3 61. Re6+ Kxh5 62. Rxd6 Rxd6+ 63. Kxd6 Rg2 64. Kxc5 Rxa2 65.
Kxb4 Kg5 66. Rf8 Ra7 67. Rb8 Rf7 68. Rb5+ Kf6 69. Rc5 Ke7 70. Ka5 Kd6 71. Rc1
Ra7+ 72. Kb6 Ra8 73. Rd1+ Ke7 74. b4 Rb8+ 75. Kc5 Rc8+ 76. Kb5 Rb8+ 77. Kc4
Rc8+ 78. Kb3 Rd8 79. Rc1 Kd7 80. b5 Rc8 81. Rh1 Kc7 82. Rh7+ Kb6 83. Kb4 Rc7
84. Rh6+ Kb7 85. Ka5 Rc8 86. Rh5 Rd8 87. Kb4 Rc8 88. Rc5 Rxc5 89. Kxc5 Kc7 90.
b6+ Kb7 91. Kb5 Kb8 92. Kc6 Kc8 93. b7+ Kb8 1/2-1/2

[Event "South Wales New Year Major"]
[Site "Bridgend"]
[Date "2020.01.03"]
[Round "1.2"]
[White "Peters, Chris"]
[Black "Burgoyne, Peter"]
[Result "1/2-1/2"]
[WhiteElo "1542"]
[BlackElo "1822"]
[PlyCount "51"]
[EventDate "2020.01.??"]
[EventType "swiss"]
[EventRounds "5"]
[EventCountry "WLS"]

1. e4 c5 2. d4 cxd4 3. c3 Nf6 4. e5 Nd5 5. cxd4 d6 6. Nf3 Nc6 7. Bc4 e6 8. O-O
Be7 9. Bxd5 exd5 10. Nc3 dxe5 11. Nxe5 O-O 12. Re1 Bb4 13. Nxc6 bxc6 14. Qa4
Qb6 15. a3 Bd6 16. Be3 Bf5 17. b4 Bd3 18. Qd1 Bg6 19. Na4 Qc7 20. h3 a5 21. Nc5
axb4 22. axb4 Bxc5 23. bxc5 h6 24. Qd2 Rxa1 25. Rxa1 Qd7 26. Ra6 1/2-1/2

[Event "South Wales New Year Major"]
[Site "Bridgend"]
[Date "2020.01.03"]
[Round "1.3"]
[White "Borkowski, Andrew"]
[Black "Davies, Tom"]
[Result "1-0"]
[WhiteElo "1806"]
[BlackElo "1516"]
[PlyCount "67"]
[EventDate "2020.01.??"]
[EventType "swiss"]
[EventRounds "5"]
[EventCountry "WLS"]

1. d4 Nf6 2. Nd2 e6 3. Ngf3 d5 4. e3 c5 5. c3 a6 6. a4 Nc6 7. Ne5 Be7 8. f4 O-O
9. Bd3 Re8 10. Qf3 Bf8 11. O-O Ne7 12. dxc5 Nf5 13. b4 g6 14. Bb2 Bd7 15. Rfd1
b6 16. Nxd7 Nxd7 17. c6 Nb8 18. b5 axb5 19. axb5 Rxa1 20. Rxa1 Bc5 21. Nf1 Qf6
22. Ra2 e5 23. fxe5 Qxe5 24. Bxf5 Qxf5 25. Qxf5 gxf5 26. Ba3 Bxe3+ 27. Nxe3
Rxe3 28. c7 Re8 29. cxb8=Q Rxb8 30. Rd2 Rd8 31. Be7 Rd7 32. Bf6 h6 33. c4 Rc7
34. cxd5 1-0

[Event "South Wales New Year Major"]
[Site "Bridgend"]
[Date "2020.01.03"]
[Round "1.4"]
[White "Abraham, Ian"]
[Black "Teague, David"]
[Result "0-1"]
[WhiteElo "1515"]
[BlackElo "1742"]
[PlyCount "60"]
[EventDate "2020.01.??"]
[EventType "swiss"]
[EventRounds "5"]
[EventCountry "WLS"]

1. Nf3 f5 2. e3 Nf6 3. b3 e6 4. Bb2 Be7 5. d3 b6 6. Nbd2 Bb7 7. h3 O-O 8. c4
Qe8 9. Qc2 d6 10. Be2 a5 11. a3 e5 12. Rg1 Bd8 13. g4 f4 14. O-O-O Nfd7 15.
exf4 Rxf4 16. g5 c5 17. Rg4 Rxg4 18. hxg4 Nc6 19. Ne4 Qf8 20. Nh4 Nd4 21. Bxd4
cxd4 22. Kb2 Bxe4 23. dxe4 Nc5 24. f4 Qxf4 25. Nf5 Qxg5 26. Nxd6 d3 27. Bxd3
Qxg4 28. Rf1 Bf6 29. Nf5 Rd8 30. Ne3 Qh3 0-1

[Event "South Wales New Year Major"]
[Site "Bridgend"]
[Date "2020.01.03"]
[Round "1.5"]
[White "Williams, Stephen"]
[Black "Mason, Ed"]
[Result "1-0"]
[WhiteElo "1711"]
[BlackElo "1490"]
[PlyCount "101"]
[EventDate "2020.01.??"]
[EventType "swiss"]
[EventRounds "5"]
[EventCountry "WLS"]

1. d4 Nf6 2. c4 g6 3. Nc3 Bg7 4. e4 d6 5. Be2 O-O 6. Be3 Nc6 7. f3 h6 8. Qd2
Kh7 9. h4 Nh5 10. Bf2 e5 11. d5 Ne7 12. O-O-O f5 13. Rf1 f4 14. Bd1 Bd7 15.
Nge2 Bf6 16. g4 fxg3 17. Nxg3 Rg8 18. Rfg1 Nxg3 19. Rxg3 h5 20. Be3 Qf8 21. Bg5
Bxg5 22. Rxg5 Qg7 23. Rhg1 Qf6 24. Kb1 Raf8 25. Rf1 Bh3 26. Rf2 Qf4 27. Nb5
Qxh4 28. Nxc7 Rc8 29. Nb5 Rxc4 30. Nxd6 Rd4 31. Qe3 Rxd1+ 32. Kc2 Rd4 33. Rxe5
Rb4 34. Qc5 b6 35. Rxe7+ Qxe7 36. Qxb4 Rd8 37. Rh2 Rxd6 38. Rxh3 Rc6+ 39. Kb3
Rc5 40. f4 a6 41. a4 Qd6 42. Rc3 Rxc3+ 43. bxc3 Qxf4 44. Qe7+ Kg8 45. e5 b5 46.
axb5 axb5 47. d6 Qf7+ 48. e6 Qf8 49. Qc7 h4 50. d7 Qe7 51. d8=Q+ 1-0

[Event "South Wales New Year Major"]
[Site "Bridgend"]
[Date "2020.01.03"]
[Round "1.6"]
[White "Wu, Yuxuan"]
[Black "Hurn, Bob"]
[Result "1-0"]
[WhiteElo "1440"]
[BlackElo "1697"]
[PlyCount "173"]
[EventDate "2020.01.??"]
[EventType "swiss"]
[EventRounds "5"]
[EventCountry "WLS"]

1. c4 Nf6 2. g3 c6 3. Bg2 d5 4. cxd5 cxd5 5. d4 Nc6 6. Nf3 h6 7. O-O Bf5 8. Ne5
e6 9. Qa4 Qb6 10. Bf4 Qxd4 11. Qb5 Qb6 12. Nc3 Be7 13. Qxb6 axb6 14. Nb5 O-O
15. Rfc1 Rfc8 16. Nxc6 bxc6 17. Nd4 Bc5 18. Nxf5 exf5 19. e3 g5 20. Be5 Nd7 21.
Bc3 Kh7 22. Bf1 Kg6 23. Bd3 Nf6 24. h4 g4 25. Kg2 Ne4 26. Rh1 h5 27. Rhc1 {
Draw?.} Nxc3 28. Rxc3 d4 29. exd4 Bxd4 30. Rc2 c5 31. Bb5 Rd8 32. a4 Kf6 33.
Re1 Rd5 {Draw?.} 34. Bc6 Rxa4 35. Bxd5 Rb4 36. b3 Be5 37. Bc4 Bd4 38. Ree2 b5
39. Bd5 Bc3 40. Rc1 Bd4 41. Rcc2 c4 42. bxc4 Rb1 43. cxb5 Rxb5 44. Rc6+ Kg7 45.
Bc4 Rb7 46. Bd5 Ra7 47. Rc4 Bf6 48. Rf4 Kg6 49. Ra2 Rd7 50. Ra5 Be5 51. Rc4 Bf6
52. Rc6 Kg7 53. Raa6 Be5 54. Bc4 f4 55. gxf4 Bxf4 56. Rf6 Be5 57. Rf5 Bd4 58.
Rd5 Rxd5 59. Bxd5 f6 60. f3 gxf3+ 61. Bxf3 f5 62. Bxh5 f4 63. Bf3 Be3 64. h5
Kh7 65. Kh3 Kg7 66. Kh4 Kh7 67. Kg5 Kg7 68. h6+ Kh7 69. Be4+ Kg8 70. h7+ Kg7
71. Rg6+ Kxh7 72. Rc6+ Kg7 73. Rc7+ Kf8 74. Kf6 Bd4+ 75. Ke6 Kg8 76. Bd5 Kf8
77. Rf7+ Ke8 78. Rxf4 Bc5 79. Rc4 Be7 80. Rc8+ Bd8 81. Bc6+ Kf8 82. Rxd8+ Kg7
83. Re8 Kg6 84. Rg8+ Kh7 85. Rg2 Kh6 86. Kf6 Kh7 87. Kf7 1-0

[Event "South Wales New Year Major"]
[Site "Bridgend"]
[Date "2020.01.03"]
[Round "1.7"]
[White "Dodington, Russell"]
[Black "Loog, Tiiu"]
[Result "1-0"]
[WhiteElo "1692"]
[BlackElo "1398"]
[PlyCount "139"]
[EventDate "2020.01.??"]
[EventType "swiss"]
[EventRounds "5"]
[EventCountry "WLS"]

1. e4 e5 2. Nf3 Nc6 3. Bb5 d6 4. d4 exd4 5. Nxd4 Bd7 6. Nc3 a6 7. Bxc6 Bxc6 8.
Nxc6 bxc6 9. O-O Nf6 10. Bg5 Be7 11. Qf3 O-O 12. Rad1 Nd7 13. Bf4 Bf6 14. Rfe1
Be5 15. Qg3 Bxf4 16. Qxf4 Ne5 17. b3 Qe7 18. Qg3 Qf6 19. f4 Ng6 20. e5 dxe5 21.
fxe5 Qf5 22. Qf2 Qxf2+ 23. Kxf2 Rfe8 24. Rd7 Rac8 25. e6 Rxe6 26. Rxe6 fxe6 27.
Ne4 Rf8+ 28. Kg3 Rf7 29. Nc5 Rxd7 30. Nxd7 Ne7 31. Nc5 Nd5 32. Nxa6 Kf7 33. c4
Nc3 34. a4 Ne2+ 35. Kf2 Nc1 36. Nc5 Ke7 37. a5 Kd8 38. a6 Nxb3 39. Nxb3 Kc8 40.
Nc5 Kb8 41. Nxe6 Ka7 42. Nxc7 Kb6 43. Ne6 Kxa6 44. Nxg7 Kb6 45. Ne6 c5 46. g4
Kc6 47. h4 Kd6 48. Nxc5 Kxc5 49. Kf3 Kxc4 50. Kf4 Kd5 51. Kf5 Kd6 52. Kf6 Kd7
53. h5 Ke8 54. Kg7 h6 55. g5 hxg5 56. h6 g4 57. h7 g3 58. h8=Q+ Ke7 59. Qh4+
Ke6 60. Qxg3 Kd5 61. Qf4 Kc5 62. Qe4 Kd6 63. Kf7 Kc5 64. Ke6 Kb6 65. Qd4+ Kc6
66. Qc4+ Kb6 67. Kd7 Kb7 68. Qb5+ Ka7 69. Kc7 Ka8 70. Qa6# 1-0

[Event "South Wales New Year Major"]
[Site "Bridgend"]
[Date "2020.01.03"]
[Round "1.8"]
[White "Davies, Milo"]
[Black "Chung, Daniel"]
[Result "1/2-1/2"]
[WhiteElo "1391"]
[BlackElo "1642"]
[PlyCount "43"]
[EventDate "2020.01.??"]
[EventType "swiss"]
[EventRounds "5"]
[EventCountry "WLS"]

1. e4 c5 2. c3 e6 3. d4 cxd4 4. cxd4 d5 5. e5 Nc6 6. Nf3 Bb4+ 7. Bd2 Qc7 8.
Bxb4 Nxb4 9. Qa4+ Nc6 10. Nc3 Bd7 11. Bb5 Nge7 12. O-O O-O 13. Qc2 h6 14. a3
Nf5 15. Bxc6 Bxc6 16. Rac1 a6 17. Rfd1 Rac8 18. Rd2 Qe7 19. Qd1 Rc7 20. Rdc2
Rfc8 21. Qd3 Qd8 22. Qe2 1/2-1/2

[Event "South Wales New Year Major"]
[Site "Bridgend"]
[Date "2020.01.03"]
[Round "1.9"]
[White "Havard, Gwyn"]
[Black "Davies, Gareth"]
[Result "1-0"]
[WhiteElo "1622"]
[BlackElo "1380"]
[PlyCount "27"]
[EventDate "2020.01.??"]
[EventType "swiss"]
[EventRounds "5"]
[EventCountry "WLS"]

1. e4 Nf6 2. e5 Nd5 3. c4 Nb6 4. d4 e6 5. f4 d6 6. Nf3 Bd7 7. Nc3 Be7 8. Be3
O-O 9. Bd3 g6 10. Qc2 a5 11. h4 f5 12. exf6 Bxf6 13. h5 Be8 14. hxg6 1-0

[Event "South Wales New Year Major"]
[Site "Bridgend"]
[Date "2020.01.03"]
[Round "1.10"]
[White "Owen, Bob"]
[Black "Parri, Deio"]
[Result "1/2-1/2"]
[WhiteElo "1303"]
[BlackElo "1622"]
[PlyCount "69"]
[EventDate "2020.01.??"]
[EventType "swiss"]
[EventRounds "5"]
[EventCountry "WLS"]

1. d4 d5 2. e3 Nf6 3. Bd3 e6 4. f4 Be7 5. Nf3 O-O 6. O-O c5 7. c3 Nc6 8. Nbd2
b6 9. Ne5 Bb7 10. Qc2 Rc8 11. Ndf3 cxd4 12. Nxc6 Bxc6 13. exd4 Qc7 14. Ne5 b5
15. a3 a5 16. f5 Bd6 17. Nxc6 Qxc6 18. Bf4 Bxf4 19. Rxf4 b4 20. axb4 axb4 21.
Ra6 Qc7 22. Rh4 bxc3 23. b3 Ra8 24. fxe6 Rxa6 25. Bxh7+ Kh8 26. Bd3+ Kg8 27.
Bxa6 fxe6 28. Bd3 Ra8 29. Bh7+ Kf8 30. Bd3 Ra1+ 31. Kf2 Qf7 32. Kg3 Nh5+ 33.
Kh3 Nf4+ 34. Kg3 Nh5+ 35. Kh3 1/2-1/2

[Event "South Wales New Year Major"]
[Site "Bridgend"]
[Date "2020.01.03"]
[Round "1.11"]
[White "Blackmore, Simon"]
[Black "Gamare, Swar"]
[Result "1-0"]
[WhiteElo "1620"]
[BlackElo "850"]
[PlyCount "71"]
[EventDate "2020.01.??"]
[EventType "swiss"]
[EventRounds "5"]
[EventCountry "WLS"]

1. d4 d5 2. Nf3 Bf5 3. Bf4 Nc6 4. e3 Nf6 5. Bb5 a6 6. Ba4 b5 7. Bb3 Ne4 8. Nbd2
e6 9. c3 g6 10. h3 Nd6 11. Ne5 Nxe5 12. dxe5 Nb7 13. Nf3 Nc5 14. Nd4 Nd3+ 15.
Kf1 Nxf4 16. exf4 g5 17. g4 Be4 18. f3 Bg6 19. f5 exf5 20. gxf5 Bh5 21. f6 Bc5
22. Nf5 Rg8 23. Bxd5 Qd7 24. Ng7+ Kf8 25. Bxa8 Qc8 26. Qd5 Rxg7 27. fxg7+ Kxg7
28. Rd1 Qf5 29. e6 Bxf3 30. Qxf5 Bxd1 31. Qxf7+ Kh6 32. e7 Bc2 33. Qf6+ Kh5 34.
e8=Q+ Kh4 35. Qh6+ Kg3 36. Qxg5# 1-0

[Event "South Wales New Year Major"]
[Site "Bridgend"]
[Date "2020.01.04"]
[Round "2.1"]
[White "Dodington, Russell"]
[Black "Borkowski, Andrew"]
[Result "1/2-1/2"]
[WhiteElo "1692"]
[BlackElo "1806"]
[PlyCount "61"]
[EventDate "2020.01.??"]
[EventType "swiss"]
[EventRounds "5"]
[EventCountry "WLS"]

1. e4 d6 2. d4 e5 3. dxe5 dxe5 4. Qxd8+ Kxd8 5. Bc4 Be6 6. Bxe6 fxe6 7. Bg5+
Nf6 8. Nf3 Bd6 9. Nc3 Nc6 10. O-O-O Ke7 11. Nd2 a6 12. Nc4 b5 13. Nxd6 cxd6 14.
f3 h6 15. Be3 Rhc8 16. Rd2 Na5 17. Rd3 Nc4 18. Bf2 Rc6 19. b3 Na3 20. Kb2 b4
21. Rhd1 Rac8 22. Be1 Ne8 23. Rc1 a5 24. Re3 Nc7 25. Re2 Ncb5 26. Nxb5 Nxb5 27.
Re3 Nc3 28. Bxc3 Rxc3 29. Rxc3 Rxc3 30. Re1 Kf6 31. Rd1 1/2-1/2

[Event "South Wales New Year Major"]
[Site "Bridgend"]
[Date "2020.01.04"]
[Round "2.2"]
[White "Teague, David"]
[Black "Havard, Gwyn"]
[Result "1/2-1/2"]
[WhiteElo "1742"]
[BlackElo "1622"]
[PlyCount "71"]
[EventDate "2020.01.??"]
[EventType "swiss"]
[EventRounds "5"]
[EventCountry "WLS"]

1. e4 d5 2. exd5 Nf6 3. Nf3 Nxd5 4. Nc3 Bg4 5. Bc4 e6 6. O-O Be7 7. h3 Bh5 8.
Ne4 O-O 9. Ng3 Bxf3 10. Qxf3 Nc6 11. Re1 Nd4 12. Qd1 b5 13. Bxb5 Nxb5 14. c4
Nd4 15. cxd5 Qxd5 16. d3 Rfd8 17. Bf4 Rd7 18. Re5 Qb7 19. Ne4 f6 20. Nc5 Bxc5
21. Rxc5 e5 22. Bc1 Rad8 23. Qg4 Qa6 24. Rc3 f5 25. Qd1 Nb5 26. Qb3+ Kh8 27.
Bg5 Nxc3 28. Bxd8 Ne2+ 29. Kf1 Nd4 30. Qb8 Qxd3+ 31. Kg1 Ne2+ 32. Kh2 Rxd8 33.
Qxc7 Qd4 34. Re1 Qf4+ 35. Kh1 Qg5 36. Rxe2 1/2-1/2

[Event "South Wales New Year Major"]
[Site "Bridgend"]
[Date "2020.01.04"]
[Round "2.3"]
[White "Blackmore, Simon"]
[Black "Williams, Stephen"]
[Result "0-1"]
[WhiteElo "1620"]
[BlackElo "1711"]
[PlyCount "78"]
[EventDate "2020.01.??"]
[EventType "swiss"]
[EventRounds "5"]
[EventCountry "WLS"]

1. d4 d5 2. Nf3 Nf6 3. e3 Bg4 4. Nbd2 e6 5. c4 c6 6. Bd3 Bd6 7. c5 Bc7 8. Qc2
Nbd7 9. Nh4 O-O 10. h3 Bh5 11. g4 Bg6 12. Nxg6 hxg6 13. Nf3 e5 14. dxe5 Nxe5
15. Nxe5 Bxe5 16. f4 Bc7 17. g5 Nd7 18. h4 Re8 19. h5 gxh5 20. Bh7+ Kf8 21. Qf5
Nxc5 22. b4 Ne4 23. g6 f6 24. Rh3 Qe7 25. Qxh5 Qxb4+ 26. Kf1 Qc3 27. Ba3+ Qxa3
28. Bg8 Ke7 29. Bf7 Qd3+ 30. Kg1 Rh8 31. Qf5 Rxh3 32. Qe6+ Kf8 33. Qxh3 Rd8 34.
Be6 Bb6 35. Qh8+ Ke7 36. Qxg7+ Kxe6 37. Qf7+ Kf5 38. Qh7 Qxe3+ 39. Kh2 Qf2+ 0-1

[Event "South Wales New Year Major"]
[Site "Bridgend"]
[Date "2020.01.04"]
[Round "2.4"]
[White "Burgoyne, Peter"]
[Black "Wu, Yuxuan"]
[Result "1-0"]
[WhiteElo "1822"]
[BlackElo "1440"]
[PlyCount "93"]
[EventDate "2020.01.??"]
[EventType "swiss"]
[EventRounds "5"]
[EventCountry "WLS"]

1. e4 c5 2. c3 d5 3. exd5 Qxd5 4. d4 Nc6 5. Nf3 Nf6 6. Na3 a6 7. Nc4 Qd8 8. Bg5
Bg4 9. Bxf6 exf6 10. Be2 cxd4 11. Nxd4 Nxd4 12. Bxg4 Qe7+ 13. Ne3 Nc6 14. O-O
Rd8 15. Nd5 Qd6 16. Qe2+ Be7 17. Rad1 O-O 18. Nxe7+ Qxe7 19. Qxe7 Nxe7 20. Bf3
Nc6 21. Rfe1 g6 22. Kf1 Kg7 23. Bxc6 bxc6 24. Rxd8 Rxd8 25. Ke2 Rb8 26. b3 Rb5
27. Rd1 Re5+ 28. Kf1 f5 29. Rd4 Ra5 30. a4 Rc5 31. Rd3 a5 32. Ke2 Kf6 33. Kd2
Ke6 34. b4 Rc4 35. Rd4 Rxd4+ 36. cxd4 axb4 37. a5 Kd6 38. Kd3 c5 39. a6 b3 $4
40. a7 b2 41. Kc2 cxd4 42. Kxb2 g5 43. Kc2 h5 44. Kd3 Ke5 45. a8=Q Kf4 46. Qb8+
Kg4 47. Qg3# 1-0

[Event "South Wales New Year Major"]
[Site "Bridgend"]
[Date "2020.01.04"]
[Round "2.5"]
[White "Harding, Gareth"]
[Black "Di-Vetta, Andrew"]
[Result "1-0"]
[WhiteElo "1557"]
[BlackElo "1835"]
[PlyCount "101"]
[EventDate "2020.01.??"]
[EventType "swiss"]
[EventRounds "5"]
[EventCountry "WLS"]

1. d4 d5 2. Bf4 Nf6 3. e3 Bf5 4. c4 e6 5. Nc3 c6 6. Qb3 Qb6 7. c5 Qxb3 8. axb3
a6 9. b4 Nh5 10. Bg3 Nxg3 11. hxg3 Nd7 12. b5 cxb5 13. Nxb5 Rc8 14. Nc3 Be7 15.
b4 O-O 16. Nf3 h6 17. Be2 Bf6 18. O-O Nb8 19. Rfc1 Nc6 20. b5 axb5 21. Nxb5 Be7
22. Na7 Rcd8 23. Nxc6 bxc6 24. Ne5 Rc8 25. Ra6 Rfe8 26. Nxc6 Bf8 27. Rca1 f6
28. g4 Bg6 29. Bf3 Bf7 30. Rb1 e5 31. Rab6 Rc7 32. Nb4 Rd8 33. Nc6 Rdc8 34. Nb4
e4 35. Be2 Ra7 36. Ra6 Rca8 37. Rba1 Rxa6 38. Rxa6 Rc8 39. Rb6 Kh7 40. Bd1 Kg6
41. Bb3 Rd8 42. Nc6 Ra8 43. Rb8 Ra1+ 44. Kh2 Rb1 45. Rxf8 Rxb3 46. Ne7+ Kg5 47.
Rxf7 Kxg4 48. c6 Rc3 49. Nxd5 Rxc6 50. Rxg7+ Kh5 51. Nf4+ 1-0

[Event "South Wales New Year Major"]
[Site "Bridgend"]
[Date "2020.01.04"]
[Round "2.6"]
[White "Williams, David"]
[Black "Peters, Chris"]
[Result "0-1"]
[WhiteElo "1651"]
[BlackElo "1542"]
[PlyCount "55"]
[EventDate "2020.01.??"]
[EventType "swiss"]
[EventRounds "5"]
[EventCountry "WLS"]

1. e4 e6 2. d4 c5 3. Nf3 cxd4 4. Nxd4 a6 5. Bd3 Nc6 6. Nxc6 bxc6 7. Nc3 Nf6 8.
O-O Be7 9. Be3 d6 10. Kh1 e5 11. f3 h5 12. Bg5 h4 13. Bxf6 Bxf6 14. h3 Be6 15.
Qe2 Qc8 16. Nd1 Bg5 17. Ne3 Bxh3 18. Nc4 Qe6 19. Nxd6+ Qxd6 20. gxh3 Bf4 21.
Bxa6 Qe6 22. Bb7 Rb8 23. Ba6 Qxh3+ 24. Kg1 Rh6 25. Rf2 Rg6+ 26. Rg2 Be3+ 27.
Kf1 Qh1+ 28. Rg1 0-1

[Event "South Wales New Year Major"]
[Site "Bridgend"]
[Date "2020.01.04"]
[Round "2.7"]
[White "Chung, Daniel"]
[Black "Smith, Chris"]
[Result "1/2-1/2"]
[WhiteElo "1642"]
[BlackElo "1486"]
[PlyCount "106"]
[EventDate "2020.01.??"]
[EventType "swiss"]
[EventRounds "5"]
[EventCountry "WLS"]

1. d4 Nf6 2. c4 e6 3. Nf3 d5 4. Nc3 c6 5. Bg5 h6 6. Bh4 Be7 7. e3 O-O 8. cxd5
exd5 9. Be2 Bf5 10. O-O Nbd7 11. a3 Bd6 12. Bxf6 Nxf6 13. Rc1 Re8 14. b4 Rc8
15. Na4 Ne4 16. Nc5 Qc7 17. g3 Nxc5 18. bxc5 Be7 19. Kg2 Bf6 20. Bd3 Be6 21.
Rb1 Qd7 22. Ng1 Rb8 23. Re1 Bg4 24. Be2 Bf5 25. Bd3 Be4+ 26. Bxe4 Rxe4 27. Qa4
a6 28. Qb3 Ree8 29. Rb2 Bxd4 30. Rc2 Bf6 31. Ree2 Qe7 32. a4 Qe4+ 33. f3 Qe7
34. Qa3 Qd7 35. a5 Be7 36. Qb4 Bg5 37. Kf2 Bd8 38. Kg2 Bf6 39. Rcd2 Qc7 40. Kf2
Qe5 41. Rd3 Qf5 42. Rdd2 Re7 43. Qa3 Rbe8 44. Rd3 Qh5 45. Kg2 Qe5 46. Kf2 Qc7
47. Qb4 Re6 48. Ra3 Be7 49. Rc3 Bd8 50. Ra3 Qb8 51. Rc3 Bf6 52. Ra3 Qa7 53. Rd3
Be7 1/2-1/2

[Event "South Wales New Year Major"]
[Site "Bridgend"]
[Date "2020.01.04"]
[Round "2.8"]
[White "Parri, Deio"]
[Black "Wang, Andy"]
[Result "1-0"]
[WhiteElo "1622"]
[BlackElo "1438"]
[PlyCount "83"]
[EventDate "2020.01.??"]
[EventType "swiss"]
[EventRounds "5"]
[EventCountry "WLS"]

1. d4 d5 2. c4 e6 3. Nc3 Nf6 4. Nf3 h6 5. e3 Nc6 6. a3 Bd6 7. b4 b6 8. Bd3 O-O
9. O-O e5 10. dxe5 Bxe5 11. Nxe5 Nxe5 12. cxd5 Bb7 13. e4 Qd7 14. Bb5 Qe7 15.
f3 Rfd8 16. Qe2 a6 17. Ba4 Rd6 18. Be3 Rc8 19. Rfc1 Rf8 20. Rd1 Ng6 21. Qf2 Re8
22. Bxe8 Qxe8 23. Ne2 Qb5 24. Nd4 Qe8 25. Rdc1 Rd7 26. Rc3 Qc8 27. Rac1 Ne8 28.
Nf5 Nd6 29. Nxd6 Rxd6 30. Rxc7 Qe8 31. Rxb7 Ne5 32. Rcc7 b5 33. Bf4 Nd3 34. Qg3
Rg6 35. Qh4 Rf6 36. Be3 Qe5 37. h3 Qa1+ 38. Kh2 Qe5+ 39. Qg3 Qxg3+ 40. Kxg3
Rg6+ 41. Kh2 Ne1 42. g4 1-0

[Event "South Wales New Year Major"]
[Site "Bridgend"]
[Date "2020.01.04"]
[Round "2.9"]
[White "Chwieseni, Edd"]
[Black "Davies, Milo"]
[Result "0-1"]
[WhiteElo "1615"]
[BlackElo "1391"]
[PlyCount "90"]
[EventDate "2020.01.??"]
[EventType "swiss"]
[EventRounds "5"]
[EventCountry "WLS"]

1. e4 d5 2. exd5 Qxd5 3. Qf3 Qxf3 4. Nxf3 Nc6 5. Bb5 Bd7 6. a3 O-O-O 7. Nc3 Nf6
8. O-O e5 9. Bxc6 Bxc6 10. Nxe5 Be8 11. d3 h6 12. Be3 b6 13. h3 Bd6 14. Nc4 Be7
15. a4 g5 16. a5 b5 17. Ne5 Bd6 18. Nxf7 Bxf7 19. Nxb5 a6 20. Nxd6+ Rxd6 21. g4
Bd5 22. f3 Re8 23. Bc5 Rde6 (23... Rdd8 24. c4 Bc6 25. d4 Re2 26. d5 Bb7 27.
Rf2 Nd7 28. Bd4 Rxf2 29. Kxf2 Ne5 30. Bxe5) 24. c4 Bc6 25. d4 Re2 26. d5 Bb7
27. Rf2 Nd7 28. Bd4 Rxf2 29. Kxf2 Ne5 30. Bxe5 Rxe5 31. Re1 Rxe1 32. Kxe1 Kd7
33. Kd2 Kd6 34. b4 c6 35. dxc6 Bxc6 36. Ke3 Ke5 37. b5 axb5 38. cxb5 Bxb5 39.
Kf2 Kf4 40. Kg2 Be2 41. Kf2 Bxf3 42. a6 Bc6 43. a7 Bb7 44. h4 gxh4 45. Kg1 Kf3
0-1

[Event "South Wales New Year Major"]
[Site "Bridgend"]
[Date "2020.01.04"]
[Round "2.10"]
[White "Probert, Malcolm"]
[Black "Owen, Bob"]
[Result "1-0"]
[WhiteElo "1584"]
[BlackElo "1303"]
[PlyCount "75"]
[EventDate "2020.01.??"]
[EventType "swiss"]
[EventRounds "5"]
[EventCountry "WLS"]

1. Nf3 c5 2. c4 d6 3. g3 Nf6 4. Bg2 Nc6 5. d4 g6 6. O-O Bg7 7. dxc5 dxc5 8. Nc3
O-O 9. Qc2 b6 10. Ne5 Nd4 11. Qa4 Bd7 12. Nxd7 Qxd7 13. Qxd7 Nxd7 14. Bxa8 Rxa8
15. Bd2 e6 16. Rad1 Ne5 17. b3 f5 18. f4 Nf7 19. e3 Nc6 20. Ne2 e5 21. Bc3 e4
22. Bxg7 Kxg7 23. Rd7 Nb4 24. Nc1 a5 25. a4 Rb8 26. Rfd1 Kf6 27. Rc7 h6 28.
Rdd7 Nd8 29. Rh7 h5 30. Rh8 Ke6 31. Rg7 Kf6 32. Rgg8 Nbc6 33. Ne2 Rc8 34. Nc3
Kf7 35. Nd5 Rb8 36. Rf8+ Ke6 37. Rf6+ Kd7 38. Rh7+ 1-0

[Event "South Wales New Year Major"]
[Site "Bridgend"]
[Date "2020.01.04"]
[Round "2.11"]
[White "Hurn, Bob"]
[Black "Mason, Ed"]
[Result "1/2-1/2"]
[WhiteElo "1697"]
[BlackElo "1490"]
[PlyCount "71"]
[EventDate "2020.01.??"]
[EventType "swiss"]
[EventRounds "5"]
[EventCountry "WLS"]

1. d4 d6 2. Nf3 Nf6 3. c4 g6 4. Nc3 Bg7 5. e4 O-O 6. Be2 Nc6 7. O-O e5 8. d5
Ne7 9. Ne1 Ne8 10. Nd3 f5 11. f3 f4 12. Bd2 Bd7 13. c5 Rb8 14. cxd6 cxd6 15.
Nf2 h5 16. Qc2 Qc8 17. Rfc1 a6 18. a4 h4 19. h3 Nf6 20. a5 Qc5 21. Na4 Qxc2 22.
Rxc2 Bxa4 23. Rxa4 Rfc8 24. Rac4 Ne8 25. Bb4 Bf8 26. Nd3 Rxc4 27. Rxc4 Rc8 28.
b3 Rxc4 29. bxc4 Nc8 30. c5 Be7 31. Bd1 dxc5 32. Bxc5 Bxc5+ 33. Nxc5 Ned6 34.
Ba4 b5 35. axb6 Nxb6 36. Kf2 1/2-1/2

[Event "South Wales New Year Major"]
[Site "Bridgend"]
[Date "2020.01.04"]
[Round "2.12"]
[White "Davies, Tom"]
[Black "Loog, Tiiu"]
[Result "1-0"]
[WhiteElo "1516"]
[BlackElo "1398"]
[PlyCount "119"]
[EventDate "2020.01.??"]
[EventType "swiss"]
[EventRounds "5"]
[EventCountry "WLS"]

1. e4 e5 2. Nf3 Nc6 3. Bc4 h6 4. O-O Nf6 5. Re1 Bc5 6. c3 d6 7. d4 exd4 8. cxd4
Bb6 9. e5 dxe5 10. Nxe5 O-O 11. Nxc6 bxc6 12. Be3 Qd6 13. a4 a5 14. Ra3 c5 15.
dxc5 Bxc5 16. Rd3 Qb6 17. b3 Bxe3 18. Rexe3 Ng4 19. Re2 Bb7 20. h3 Nf6 21. Nc3
Nh5 22. Re5 Nf4 23. Rb5 Qc6 24. Bd5 Nxd5 25. Nxd5 Rae8 26. Rc3 Qe6 27. Rxb7 Rd8
28. Rd3 Kh8 29. Rxc7 f5 30. Re7 Qc6 31. Ne3 Rxd3 32. Qxd3 Qf6 33. Qd7 f4 34.
Ng4 Qf5 35. Qxf5 Rxf5 36. Re5 Rxe5 37. Nxe5 Kg8 38. Nc6 Kf7 39. Nxa5 Ke7 40. b4
Kd6 41. b5 Kc5 42. Nc6 Kb6 43. Kf1 g5 44. Ke2 Kc5 45. Kd3 Kd5 46. a5 Kc5 47. a6
Kxb5 48. a7 Kxc6 49. a8=Q+ Kd6 50. Kd4 Ke6 51. Qa5 Kf6 52. g4 fxg3 53. fxg3 h5
54. Qd5 g4 55. h4 Kg6 56. Qe5 Kh6 57. Qg5+ Kh7 58. Ke5 Kh8 59. Kf6 Kh7 60. Qg7#
1-0

[Event "South Wales New Year Major"]
[Site "Bridgend"]
[Date "2020.01.04"]
[Round "2.13"]
[White "Gamare, Swar"]
[Black "Abraham, Ian"]
[Result "0-1"]
[WhiteElo "850"]
[BlackElo "1515"]
[PlyCount "66"]
[EventDate "2020.01.??"]
[EventType "swiss"]
[EventRounds "5"]
[EventCountry "WLS"]

1. d4 Nf6 2. Bf4 d6 3. e3 c6 4. c3 g6 5. Nf3 Bg7 6. Nbd2 Bf5 7. e4 Nxe4 8. Nxe4
Bxe4 9. Bd3 Bxd3 10. Qxd3 Nd7 11. Qd2 h6 12. h4 Nf6 13. Rg1 Qd7 14. O-O-O O-O-O
15. Be3 Nd5 16. Ne1 Nxe3 17. Qxe3 g5 18. g3 g4 19. d5 c5 20. Nd3 h5 21. Nxc5
dxc5 22. Qxc5+ Kb8 23. Rd3 Rc8 24. Qe3 Bh6 25. f4 gxf3 26. Qxh6 Rxh6 27. Rxf3
Qxd5 28. Rgf1 Qxa2 29. Rxf7 Qa1+ 30. Kc2 Qa4+ 31. Kb1 Qe4+ 32. Ka2 Ra6+ 33. Kb3
Qa4# 0-1